| 000 | 01221nam a2200361 i 4500 | ||
|---|---|---|---|
| 001 | 192809 | ||
| 003 | SpMaBN | ||
| 005 | 20240314063033.0 | ||
| 007 | ta | ||
| 008 | 230529s1999 sp | ||| ||spa | ||
| 016 | 7 |
_abimoBNE20000856571 _2SpMaBN |
|
| 017 |
_aB 15499-1999 _bOficina Depósito Legal Barcelona |
||
| 020 | _a8422677172 | ||
| 035 | _a(OCoLC)433168413 | ||
| 040 |
_aSpMaBN _bspa _cSpMaBN _erda _dES-MaACL |
||
| 080 | _a821.134.2-31"19" | ||
| 100 | 1 |
_aSuárez, Gonzalo, _d1934- _eaut _9108561 |
|
| 245 | 1 | 0 |
_aCiudadano Sade / _cGonzalo Suárez |
| 264 | 1 |
_aBarcelona : _bCírculo de Lectores, _c[1999] |
|
| 300 |
_a397 páginas ; _c23 cm |
||
| 336 |
_2rdacontent _aTexto |
||
| 337 |
_2rdamedia _asin mediación |
||
| 338 |
_2rdacarrier _avolumen |
||
| 490 | 1 | _aAreté (Círculo de Lectores) | |
| 504 | _aBibliografía: páginas 395-397 | ||
| 600 | 1 |
_9235531 _aSade, marquis de, _d1740-1814- _vNovelas |
|
| 655 | 7 |
_9234409 _aNovelas biográficas |
|
| 830 |
_aAreté (Círculo de Lectores) _9226453 |
||
| 852 |
_aES-MaACL _bR.151380 _cDEPOJ _hDonación: Editorial _jN-8431 _xCartoné _9200110 |
||
| 942 |
_n0 _cMONOGRAFIA |
||
| 999 |
_c192809 _d192809 |
||